A Minecraft Movie Quotes by Picture - Statistics

General Stats
  • This quiz has been taken 13 times
  • The average score is 4 of 10
Answer Stats
Picture Answer % Correct
"Chicken jockey"
78%
"Lava Chicken"
78%
"The nether"
67%
"Flint and steel"
56%
"Big ol red ones"
44%
"Diamond armor"
44%
"This is a crafting table"
33%
"Are we in Wyoming?"
11%
"Love crushing loaf"
11%
"The pig is mine"
11%
No matching quizzes found
Score Distribution
Percent of People with Each Score
Percentile by Number Answered
Your Score History
You have not taken this quiz